000 00248 a2200109 4500
001 44117
040 _cAnchieta - Aquarius
240 1 0 _aAs mais belas cantigas de roda
_l
245 1 0 _aAs mais belas cantigas de roda
650 4 _aMúsica
942 _cMU
999 _c44117
_d44117